县级行政区知识问答#15 闽清县 Minqing Multiple-choice - Statistics

General Stats
  • This quiz has been taken 4 times
  • The average score is 7 of 10
Answer Stats
Question Answer % Correct
闽清县隶属于福建省哪个地级市? 福州市
100%
闽清县“宏琳厝”古民居的建筑特色是? 三进六扇
100%
闽清县“白云山”的主要生态资源是? 原始森林与杜鹃花
100%
闽清橄榄种植历史最早可追溯至? 唐代
75%
闽清县传统名产“茶口粉干”的独特工艺是? 三蒸三晒
75%
闽清县“十八坂”传统商贸节的起源时期是? 清代
75%
闽清县“张圣君信仰”的核心文化内涵是? 农业治水
75%
闽清县“黄乃裳纪念馆”纪念的历史人物贡献是? 海外拓荒
50%
闽清县国家级非物质文化遗产是? 池园陶瓷
50%
闽清县境内的闽江段最大支流是? 梅溪
25%
No matching quizzes found
Score Distribution
Percent of People with Each Score
Percentile by Number Answered
Your Score History
You have not taken this quiz